| 000 | 00474nam a2200181 a 4500 | ||
|---|---|---|---|
| 003 | PILC | ||
| 005 | 20160222151431.0 | ||
| 008 | 080116s19uu xx 00 eng d | ||
| 020 | _a0131858521 | ||
| 050 |
_aG 1021 _b.M478 2006 |
||
| 245 | _aAtlas of world geography / | ||
| 260 |
_aU.S.A : _bRand McNally, _c2006. |
||
| 300 |
_a176 pages : _bcolor illustrations ; _c25 cm. |
||
| 650 | _aAtlases. | ||
| 650 |
_aGeography _xMaps. |
||
| 942 |
_cBK _2lcc _kFOR |
||
| 999 |
_c39513 _d39513 |
||